[Event "Team Championship Russia (Blitz, Women)"]
[Site "Sochi"]
[Date "2018.10.10"]
[Round "8.9"]
[White "Charochkina, Daria"]
[Black "Bodnaruk, Anastasia"]
[Result "1-0"]
[BlackElo "2358"]
[WhiteElo "2267"]
[LiveChessVersion "1.4.8"]

1. d4 {[%clk 0:03:03]} d6 {[%clk 0:03:02]} 2. Bf4 {[%clk 0:02:54]} g6
{[%clk 0:02:57]} 3. e3 {[%clk 0:02:51]} Bg7 {[%clk 0:02:57]} 4. Nf3
{[%clk 0:02:49]} Nf6 {[%clk 0:02:35]} 5. Be2 {[%clk 0:02:50]} O-O
{[%clk 0:02:36]} 6. O-O {[%clk 0:02:50]} b6 {[%clk 0:02:32]} 7. Nbd2
{[%clk 0:02:48]} Bb7 {[%clk 0:02:30]} 8. a4 {[%clk 0:02:48]} Nh5 {[%clk 0:02:20]}
9. Bg5 {[%clk 0:02:49]} h6 {[%clk 0:02:21]} 10. Bh4 {[%clk 0:02:49]} g5
{[%clk 0:02:14]} 11. Ne1 {[%clk 0:02:44]} Nf6 {[%clk 0:01:59]} 12. Bg3
{[%clk 0:02:45]} Nh7 {[%clk 0:01:37]} 13. Nd3 {[%clk 0:02:33]} a5
{[%clk 0:01:30]} 14. f4 {[%clk 0:02:29]} f5 {[%clk 0:01:29]} 15. c3
{[%clk 0:02:23]} e6 {[%clk 0:01:26]} 16. Bf3 {[%clk 0:02:17]} Bxf3
{[%clk 0:01:13]} 17. Qxf3 {[%clk 0:02:04]} Ra7 {[%clk 0:01:08]} 18. e4
{[%clk 0:01:54]} c6 {[%clk 0:00:43]} 19. Rae1 {[%clk 0:01:34]} Raf7
{[%clk 0:00:38]} 20. exf5 exf5 21. Nc4 {[%clk 0:01:31]} g4 {[%clk 0:00:31]} 22.
Qe2 {[%clk 0:01:30]} Kh8 {[%clk 0:00:23]} 23. Qe6 {[%clk 0:01:15]} Rd7
{[%clk 0:00:16]} 24. d5 {[%clk 0:01:07]} cxd5 {[%clk 0:00:14]} 25. Qxd5
{[%clk 0:01:03]} Qc7 {[%clk 0:00:12]} 26. Re6 {[%clk 0:00:58]} Nf6
{[%clk 0:00:11]} 27. Qb5 {[%clk 0:00:53]} Nc6 {[%clk 0:00:10]} 28. Qxb6
{[%clk 0:00:32]} Ne4 {[%clk 0:00:11]} 29. Qxc7 {[%clk 0:00:28]} Rxc7
{[%clk 0:00:13]} 30. Nxd6 {[%clk 0:00:26]} Nd8 {[%clk 0:00:14]} 31. Nxe4
{[%clk 0:00:14]} Nxe6 {[%clk 0:00:15]} 32. Nef2 {[%clk 0:00:09]} Rb8
{[%clk 0:00:13]} 33. Re1 {[%clk 0:00:10]} Rc6 {[%clk 0:00:14]} 34. h3
{[%clk 0:00:09]} h5 {[%clk 0:00:14]} 35. hxg4 {[%clk 0:00:10]} hxg4
{[%clk 0:00:16]} 36. Bh4 {[%clk 0:00:11]} Kg8 {[%clk 0:00:16]} 37. Nd1
{[%clk 0:00:10]} Nc5 {[%clk 0:00:15]} 38. Ne5 {[%clk 0:00:11]} Re6
{[%clk 0:00:14]} 39. Bg3 {[%clk 0:00:07]} Nxa4 {[%clk 0:00:15]} 40. Rf1
{[%clk 0:00:06]} Nxb2 {[%clk 0:00:13]} 41. Ne3 {[%clk 0:00:07]} a4
{[%clk 0:00:10]} 42. Nxf5 {[%clk 0:00:07]} Bf6 {[%clk 0:00:09]} 43. Nh6+
{[%clk 0:00:08]} Kg7 {[%clk 0:00:09]} 44. Nhxg4 {[%clk 0:00:09]} a3
{[%clk 0:00:10]} 45. f5 {[%clk 0:00:10]} Ra6 {[%clk 0:00:09]} 46. Nxf6
{[%clk 0:00:11]} Rxf6 {[%clk 0:00:07]} 47. Nd7 {[%clk 0:00:12]} Ra8
{[%clk 0:00:07]} 48. Be5 {[%clk 0:00:13]} a2 {[%clk 0:00:08]} 49. Bxf6+ Kf7 50.
c4 {[%clk 0:00:14]} a1=Q {[%clk 0:00:09]} 51. Rxa1 Rxa1+ {[%clk 0:00:10]} 52. Kh2
{[%clk 0:00:15]} Rb1 {[%clk 0:00:10]} 53. Bxb2 {[%clk 0:00:13]} Rxb2
{[%clk 0:00:11]} 54. c5 {[%clk 0:00:12]} Rc2 {[%clk 0:00:12]} 55. c6
{[%clk 0:00:13]} Ke7 {[%clk 0:00:07]} 56. f6+ {[%clk 0:00:14]} Ke6
{[%clk 0:00:07]} 57. Kh3 {[%clk 0:00:11]} Rxc6 58. f7 {[%clk 0:00:12]} Rc3+
{[%clk 0:00:10]} 59. Kg4 {[%clk 0:00:10]} Kxf7 {[%clk 0:00:11]} 60. Ne5+
{[%clk 0:00:11]} Kf6 {[%clk 0:00:12]} 61. Nf3 {[%clk 0:00:11]} Ra3
{[%clk 0:00:12]} 62. Kg3 {[%clk 0:00:11]} Kf5 {[%clk 0:00:13]} 63. Kf2
{[%clk 0:00:12]} Kf4 {[%clk 0:00:14]} 64. g3+ {[%clk 0:00:13]} Kg4
{[%clk 0:00:15]} 65. Ne5+ {[%clk 0:00:13]} Kh3 {[%clk 0:00:16]} 66. Nf3
{[%clk 0:00:13]} Ra2+ {[%clk 0:00:18]} 67. Ke3 {[%clk 0:00:13]} Kxg3
{[%clk 0:00:19]} 68. Nd4 {[%clk 0:00:14]} Kg4 {[%clk 0:00:19]} 69. Kd3
{[%clk 0:00:15]} Kf4 {[%clk 0:00:19]} 70. Ne6+ {[%clk 0:00:16]} Ke5
{[%clk 0:00:20]} 71. Nc5 {[%clk 0:00:14]} Ra1 {[%clk 0:00:20]} 72. Kc4
{[%clk 0:00:15]} Rc1+ {[%clk 0:00:21]} 73. Kb5 {[%clk 0:00:16]} Kd5
{[%clk 0:00:23]} 74. Na6 {[%clk 0:00:13]} Rb1+ {[%clk 0:00:23]} 75. Ka5
{[%clk 0:00:08]} Kc4 {[%clk 0:00:20]} 76. Nc7 {[%clk 0:00:09]} Rb7
{[%clk 0:00:21]} 77. Na6 {[%clk 0:00:08]} Rb5+ {[%clk 0:00:20]} 78. Ka4
{[%clk 0:00:09]} Rb2 {[%clk 0:00:14]} 79. Ka5 {[%clk 0:00:10]} Rb7
{[%clk 0:00:15]} 80. Ka4 {[%clk 0:00:10]} Rb6 {[%clk 0:00:12]} 81. Ka5
{[%clk 0:00:11]} Rc6 {[%clk 0:00:13]} 82. Nb4 {[%clk 0:00:08]} Rc8
{[%clk 0:00:14]} 83. Na6 {[%clk 0:00:07]} Rc6 {[%clk 0:00:13]} 84. Nb4
{[%clk 0:00:07]} Rd6 {[%clk 0:00:14]} 85. Na6 {[%clk 0:00:07]} Re6
{[%clk 0:00:14]} 86. Nb4 {[%clk 0:00:05]} Re5+ {[%clk 0:00:14]} 87. Ka4
{[%clk 0:00:05]} Re1 {[%clk 0:00:12]} 88. Ka3 {[%clk 0:00:03]} Re3+
{[%clk 0:00:10]} 89. Ka4 {[%clk 0:00:04]} Re8 {[%clk 0:00:11]} 90. Ka5
{[%clk 0:00:04]} Re5+ {[%clk 0:00:06]} 91. Ka4 {[%clk 0:00:06]} Rf5
{[%clk 0:00:07]} 92. Na6 {[%clk 0:00:06]} Re5 {[%clk 0:00:08]} 93. Nb4
{[%clk 0:00:07]} Re1 {[%clk 0:00:09]} 94. Ka3 {[%clk 0:00:07]} Re2
{[%clk 0:00:07]} 95. Na2 {[%clk 0:00:07]} Rf2 {[%clk 0:00:07]} 96. Nc1
{[%clk 0:00:06]} Rf1 {[%clk 0:00:06]} 97. Na2 {[%clk 0:00:06]} Rb1
{[%clk 0:00:07]} 98. Ka4 {[%clk 0:00:04]} Rb2 {[%clk 0:01:04]} 99. Ka3
{[%clk 0:00:05]} Rd2 {[%clk 0:01:05]} 100. Nc1 {[%clk 0:00:06]} Rc2
{[%clk 0:01:05]} 101. Na2 {[%clk 0:00:07]} Rf2 {[%clk 0:01:06]} 102. Nc1
{[%clk 0:00:08]} Rf6 {[%clk 0:01:06]} 103. Na2 1-0

[Event "Team Championship Russia (Blitz, Women)"]
[Site "Sochi"]
[Date "2018.10.10"]
[Round "8.10"]
[White "Ovod, Evgenija"]
[Black "Vasilevich, Tatjana"]
[Result "1-0"]
[BlackElo "2238"]
[WhiteElo "2172"]
[LiveChessVersion "1.4.8"]

1. e4 {[%clk 0:03:03]} c5 {[%clk 0:03:03]} 2. c3 {[%clk 0:03:04]} e6
{[%clk 0:03:01]} 3. d4 {[%clk 0:03:05]} d5 {[%clk 0:03:02]} 4. exd5
{[%clk 0:03:01]} exd5 {[%clk 0:03:03]} 5. Nf3 {[%clk 0:02:55]} a6
{[%clk 0:03:04]} 6. Bd3 {[%clk 0:02:54]} Nc6 {[%clk 0:03:02]} 7. dxc5
{[%clk 0:02:49]} Bxc5 {[%clk 0:03:03]} 8. Nbd2 {[%clk 0:02:49]} Nge7
{[%clk 0:02:59]} 9. Nb3 {[%clk 0:02:44]} Bb6 {[%clk 0:02:58]} 10. Qc2
{[%clk 0:02:40]} Bg4 {[%clk 0:02:51]} 11. Be3 {[%clk 0:02:21]} Bxe3
{[%clk 0:02:13]} 12. fxe3 {[%clk 0:02:22]} Rc8 {[%clk 0:02:05]} 13. Qf2
{[%clk 0:02:10]} Bf5 {[%clk 0:01:35]} 14. Rd1 {[%clk 0:02:05]} O-O
{[%clk 0:01:29]} 15. O-O {[%clk 0:02:03]} Bxd3 {[%clk 0:00:50]} 16. Rxd3
{[%clk 0:02:04]} Qb6 {[%clk 0:00:48]} 17. Nbd4 {[%clk 0:01:45]} Ng6
{[%clk 0:00:49]} 18. Nf5 {[%clk 0:01:39]} Rcd8 {[%clk 0:00:49]} 19. Rfd1
{[%clk 0:01:35]} Qb5 {[%clk 0:00:42]} 20. h4 {[%clk 0:01:14]} Qc5
{[%clk 0:00:39]} 21. h5 {[%clk 0:01:12]} Nge5 {[%clk 0:00:35]} 22. Nxe5
{[%clk 0:01:12]} Nxe5 {[%clk 0:00:36]} 23. Qg3 {[%clk 0:01:07]} g6
{[%clk 0:00:23]} 24. Qxe5 {[%clk 0:01:02]} gxf5 {[%clk 0:00:24]} 25. Qxf5
{[%clk 0:00:59]} Rfe8 {[%clk 0:00:20]} 26. Rf1 {[%clk 0:00:53]} Qc7
{[%clk 0:00:09]} 27. Qg5+ {[%clk 0:00:51]} Kh8 {[%clk 0:00:09]} 28. Qf6+
{[%clk 0:00:48]} Kg8 {[%clk 0:00:10]} 29. h6 {[%clk 0:00:48]} Qg3
{[%clk 0:00:09]} 30. Qxf7+ {[%clk 0:00:48]} Kh8 {[%clk 0:00:09]} 31. e4
{[%clk 0:00:34]} Qg6 {[%clk 0:00:08]} 32. Qxg6 hxg6 {[%clk 0:00:09]} 33. exd5
{[%clk 0:00:30]} Re2 {[%clk 0:00:07]} 34. Rf2 {[%clk 0:00:28]} Re1+
{[%clk 0:00:06]} 35. Kh2 {[%clk 0:00:29]} Re5 {[%clk 0:00:07]} 36. d6
{[%clk 0:00:27]} Rd7 {[%clk 0:00:03]} 37. g4 {[%clk 0:00:23]} Kh7
{[%clk 0:00:05]} 38. Kg3 {[%clk 0:00:16]} Kxh6 39. b4 {[%clk 0:00:15]} Kg5
{[%clk 0:00:07]} 40. c4 {[%clk 0:00:11]} b6 {[%clk 0:00:08]} 41. Rc2
{[%clk 0:00:09]} Re4 {[%clk 0:00:07]} 42. Rd5+ {[%clk 0:00:08]} Kf6
{[%clk 0:00:08]} 43. c5 bxc5 {[%clk 0:00:06]} 44. bxc5 Ke6 45. Rd3
{[%clk 0:00:10]} Rf7 {[%clk 0:00:04]} 46. c6 {[%clk 0:00:05]} Rff4
{[%clk 0:00:06]} 47. d7 {[%clk 0:00:05]} Rxg4+ {[%clk 0:00:07]} 48. Kf2
{[%clk 0:00:06]} Rgf4+ {[%clk 0:00:06]} 49. Rf3 {[%clk 0:00:07]} Ke7
{[%clk 0:00:06]} 50. c7 {[%clk 0:00:07]} Ke8 1-0

[Event "Team Championship Russia (Blitz, Women)"]
[Site "Sochi"]
[Date "2018.10.10"]
[Round "8.11"]
[White "Tomilova, Elena"]
[Black "Belenkaya, Dina"]
[Result "0-1"]
[BlackElo "2164"]
[WhiteElo "2207"]
[LiveChessVersion "1.4.8"]

1. c4 {[%clk 0:03:03]} e5 {[%clk 0:03:03]} 2. g3 {[%clk 0:03:03]} Bc5
{[%clk 0:03:04]} 3. Bg2 {[%clk 0:03:01]} Nc6 {[%clk 0:03:05]} 4. Nc3
{[%clk 0:03:02]} a6 {[%clk 0:03:06]} 5. e3 {[%clk 0:03:03]} d6 {[%clk 0:03:07]}
6. Nge2 {[%clk 0:03:01]} Nge7 {[%clk 0:03:07]} 7. a3 {[%clk 0:03:02]} O-O
{[%clk 0:03:07]} 8. O-O {[%clk 0:03:02]} Ba7 {[%clk 0:03:08]} 9. b4
{[%clk 0:03:02]} Bf5 {[%clk 0:03:01]} 10. d3 {[%clk 0:02:58]} Qd7
{[%clk 0:02:59]} 11. Rb1 {[%clk 0:02:52]} Bh3 {[%clk 0:03:00]} 12. b5
{[%clk 0:02:41]} axb5 {[%clk 0:02:56]} 13. Nxb5 {[%clk 0:02:30]} Bxg2
{[%clk 0:02:51]} 14. Kxg2 {[%clk 0:02:31]} Bb6 {[%clk 0:02:46]} 15. Bb2
{[%clk 0:02:04]} d5 {[%clk 0:02:44]} 16. Qc2 {[%clk 0:01:54]} Rfd8
{[%clk 0:02:19]} 17. Rfd1 {[%clk 0:01:34]} Qf5 {[%clk 0:02:16]} 18. c5
{[%clk 0:01:28]} Ba5 {[%clk 0:02:15]} 19. f4 {[%clk 0:01:22]} exf4
{[%clk 0:02:10]} 20. Nxf4 {[%clk 0:01:15]} Ng6 {[%clk 0:01:58]} 21. Rf1
{[%clk 0:01:09]} Nxf4+ {[%clk 0:01:58]} 22. Rxf4 {[%clk 0:01:10]} Qe6
{[%clk 0:01:58]} 23. Qf2 {[%clk 0:01:03]} Re8 {[%clk 0:01:53]} 24. e4
{[%clk 0:00:54]} dxe4 {[%clk 0:01:48]} 25. Rxe4 {[%clk 0:00:50]} Qd5
{[%clk 0:01:45]} 26. Qf3 {[%clk 0:00:44]} Rxe4 {[%clk 0:01:45]} 27. Qxe4
{[%clk 0:00:38]} Qxc5 {[%clk 0:01:41]} 28. Qg4 {[%clk 0:00:13]} Ne5
{[%clk 0:01:04]} 29. Bxe5 {[%clk 0:00:07]} Qxe5 {[%clk 0:01:04]} 30. d4
{[%clk 0:00:06]} Qd5+ {[%clk 0:01:01]} 31. Qf3 {[%clk 0:00:06]} Qa2+
{[%clk 0:00:59]} 32. Kh3 {[%clk 0:00:06]} Qxb1 {[%clk 0:00:55]} 33. Qxb7
{[%clk 0:00:07]} Re8 {[%clk 0:00:47]} 34. Qc6 {[%clk 0:00:07]} Qf5+
{[%clk 0:00:48]} 35. g4 {[%clk 0:00:07]} Qd3+ {[%clk 0:00:46]} 36. Kh4
{[%clk 0:00:06]} Be1+ {[%clk 0:00:47]} 37. Kg5 {[%clk 0:00:06]} h6+
{[%clk 0:00:45]} 38. Kh5 {[%clk 0:00:06]} Qh3# {[%clk 0:00:46]} 0-1

[Event "Team Championship Russia (Blitz, Women)"]
[Site "Sochi"]
[Date "2018.10.10"]
[Round "8.12"]
[White "Styazhkina, Anna"]
[Black "Gritsayeva, Oksana"]
[Result "0-1"]
[BlackElo "2083"]
[WhiteElo "2128"]
[LiveChessVersion "1.4.8"]

1. e4 {[%clk 0:02:58]} c5 {[%clk 0:03:03]} 2. Nf3 {[%clk 0:02:59]} e6
{[%clk 0:03:05]} 3. c4 {[%clk 0:02:58]} Nc6 {[%clk 0:03:05]} 4. Nc3
{[%clk 0:02:59]} Nd4 {[%clk 0:03:07]} 5. Nxd4 {[%clk 0:02:21]} cxd4
{[%clk 0:03:07]} 6. Nb1 {[%clk 0:02:19]} Ne7 {[%clk 0:03:06]} 7. d3
{[%clk 0:02:18]} Nc6 {[%clk 0:03:06]} 8. f4 {[%clk 0:02:15]} Bb4+
{[%clk 0:02:43]} 9. Kf2 {[%clk 0:01:54]} a5 {[%clk 0:02:38]} 10. g3
{[%clk 0:01:50]} d6 {[%clk 0:02:34]} 11. a3 {[%clk 0:01:45]} Bc5 {[%clk 0:02:35]}
12. b3 {[%clk 0:01:46]} O-O {[%clk 0:02:34]} 13. Nd2 {[%clk 0:01:44]} d5
{[%clk 0:02:21]} 14. cxd5 {[%clk 0:01:24]} exd5 {[%clk 0:02:22]} 15. e5
{[%clk 0:01:25]} f6 {[%clk 0:02:20]} 16. exf6 {[%clk 0:00:41]} Qxf6
{[%clk 0:02:20]} 17. Bg2 {[%clk 0:00:40]} Be6 {[%clk 0:02:17]} 18. Re1
{[%clk 0:00:35]} Rad8 {[%clk 0:02:13]} 19. Nf3 {[%clk 0:00:33]} Bg4
{[%clk 0:01:53]} 20. h3 {[%clk 0:00:28]} Bh5 {[%clk 0:01:52]} 21. Bb2
{[%clk 0:00:24]} Bb6 {[%clk 0:01:40]} 22. Ra2 {[%clk 0:00:15]} Ne7
{[%clk 0:01:26]} 23. Kg1 {[%clk 0:00:07]} Nf5 {[%clk 0:01:22]} 24. Kh2
{[%clk 0:00:05]} Qh6 {[%clk 0:01:13]} 25. Bc1 {[%clk 0:00:04]} Ne3
{[%clk 0:00:49]} 26. Bxe3 {[%clk 0:00:05]} dxe3 {[%clk 0:00:50]} 27. d4
{[%clk 0:00:06]} Bxf3 {[%clk 0:00:30]} 28. Bxf3 {[%clk 0:00:08]} g5
{[%clk 0:00:30]} 29. f5 {[%clk 0:00:04]} Rxf5 {[%clk 0:00:23]} 30. Rxe3
{[%clk 0:00:05]} Rdf8 {[%clk 0:00:22]} 31. Bg4 {[%clk 0:00:04]} Rf2+
{[%clk 0:00:20]} 32. Rxf2 {[%clk 0:00:05]} Rxf2+ {[%clk 0:00:21]} 33. Kg1
{[%clk 0:00:07]} Qf6 {[%clk 0:00:19]} 34. Re8+ {[%clk 0:00:06]} Kf7
{[%clk 0:00:18]} 35. Re6 {[%clk 0:00:06]} Qxd4 {[%clk 0:00:15]} 36. Qxd4
{[%clk 0:00:05]} Bxd4 {[%clk 0:00:16]} 37. Kh1 {[%clk 0:00:03]} Rb2
{[%clk 0:00:14]} 38. Rh6 {[%clk 0:00:04]} Rxb3 {[%clk 0:00:13]} 39. Rxh7+
{[%clk 0:00:05]} Bg7 {[%clk 0:00:11]} 40. Rh5 {[%clk 0:00:05]} Kf6
{[%clk 0:00:11]} 41. h4 {[%clk 0:00:06]} gxh4 {[%clk 0:00:09]} 42. gxh4
{[%clk 0:00:07]} d4 {[%clk 0:00:10]} 43. Rxa5 {[%clk 0:00:07]} d3
{[%clk 0:00:09]} 44. Rd5 {[%clk 0:00:08]} Kg6 {[%clk 0:00:08]} 45. h5+
{[%clk 0:00:09]} Kh6 {[%clk 0:00:08]} 46. Kg2 {[%clk 0:00:09]} Rb2+
{[%clk 0:00:08]} 47. Kf3 {[%clk 0:00:08]} d2 {[%clk 0:00:09]} 48. Kf4
{[%clk 0:00:09]} Kh7 {[%clk 0:00:05]} 49. Rd7 {[%clk 0:00:08]} Kg8
{[%clk 0:00:06]} 50. Ke3 {[%clk 0:00:08]} Bh6+ {[%clk 0:00:06]} 51. Ke2
{[%clk 0:00:09]} Rb1 {[%clk 0:00:06]} 52. Be6+ {[%clk 0:00:09]} Kf8
{[%clk 0:00:06]} 53. Bf5 {[%clk 0:00:07]} Re1+ {[%clk 0:00:07]} 54. Kf2
{[%clk 0:00:05]} d1=Q {[%clk 0:00:07]} 0-1

[Event "Team Championship Russia (Blitz, Women)"]
[Site "Sochi"]
[Date "2018.10.10"]
[Round "9.1"]
[White "Solozhenkina, Elizaveta"]
[Black "Pogonina, Natalija"]
[Result "1/2-1/2"]
[BlackElo "2328"]
[WhiteElo "2134"]
[LiveChessVersion "1.4.8"]

1. Nf3 {[%clk 0:03:03]} d5 {[%clk 0:03:03]} 2. g3 {[%clk 0:03:04]} e6
{[%clk 0:03:03]} 3. Bg2 {[%clk 0:03:05]} Nf6 {[%clk 0:03:04]} 4. O-O
{[%clk 0:03:05]} Be7 {[%clk 0:03:05]} 5. d3 {[%clk 0:03:07]} O-O {[%clk 0:03:05]}
6. Nbd2 {[%clk 0:03:08]} d4 {[%clk 0:02:59]} 7. e4 {[%clk 0:02:54]} dxe3
{[%clk 0:02:58]} 8. fxe3 {[%clk 0:02:55]} c5 {[%clk 0:02:56]} 9. Qe2
{[%clk 0:02:49]} Nc6 {[%clk 0:02:57]} 10. Nc4 {[%clk 0:02:34]} h6
{[%clk 0:02:34]} 11. b3 {[%clk 0:02:26]} Qc7 {[%clk 0:02:28]} 12. Bb2
{[%clk 0:02:25]} b5 {[%clk 0:02:25]} 13. Nfe5 {[%clk 0:01:56]} Bb7
{[%clk 0:02:16]} 14. Nxc6 {[%clk 0:01:48]} Bxc6 {[%clk 0:02:16]} 15. Bxc6
{[%clk 0:01:45]} Qxc6 {[%clk 0:02:15]} 16. Ne5 {[%clk 0:01:45]} Qd6
{[%clk 0:01:55]} 17. e4 {[%clk 0:01:28]} Nd7 {[%clk 0:01:42]} 18. Ng4
{[%clk 0:01:06]} Kh7 {[%clk 0:00:46]} 19. Rf2 {[%clk 0:00:58]} Rac8
{[%clk 0:00:41]} 20. Raf1 {[%clk 0:00:58]} f6 {[%clk 0:00:39]} 21. e5
{[%clk 0:00:52]} fxe5 {[%clk 0:00:37]} 22. Qe4+ {[%clk 0:00:49]} Kh8
{[%clk 0:00:27]} 23. Nxe5 {[%clk 0:00:29]} Nxe5 {[%clk 0:00:26]} 24. Bxe5
{[%clk 0:00:29]} Qd5 {[%clk 0:00:26]} 25. Rf7 {[%clk 0:00:20]} Rxf7
{[%clk 0:00:12]} 26. Rxf7 {[%clk 0:00:19]} Bf8 {[%clk 0:00:13]} 27. Qxd5
{[%clk 0:00:18]} exd5 {[%clk 0:00:14]} 28. Rxa7 {[%clk 0:00:14]} Re8
{[%clk 0:00:16]} 29. Bf4 {[%clk 0:00:10]} b4 {[%clk 0:00:10]} 30. a4
{[%clk 0:00:08]} bxa3 {[%clk 0:00:10]} 31. Rxa3 {[%clk 0:00:09]} Kg8
{[%clk 0:00:11]} 32. Kf2 {[%clk 0:00:07]} Kf7 {[%clk 0:00:10]} 33. Ra7+
{[%clk 0:00:07]} Kf6 {[%clk 0:00:11]} 34. Rd7 {[%clk 0:00:07]} d4
{[%clk 0:00:10]} 35. Rc7 {[%clk 0:00:07]} Ra8 {[%clk 0:00:07]} 36. Rc6+
{[%clk 0:00:07]} Kf7 {[%clk 0:00:07]} 37. Ke2 {[%clk 0:00:09]} Ra2
{[%clk 0:00:05]} 38. Kd2 {[%clk 0:00:09]} Ra1 {[%clk 0:00:05]} 39. Bd6
{[%clk 0:00:08]} Bxd6 {[%clk 0:00:06]} 40. Rxd6 {[%clk 0:00:09]} Rh1
{[%clk 0:00:06]} 41. Rc6 {[%clk 0:00:09]} Rxh2+ {[%clk 0:00:07]} 42. Kd1
{[%clk 0:00:10]} Rh5 {[%clk 0:00:05]} 43. Ke2 {[%clk 0:00:08]} Rg5
{[%clk 0:00:06]} 44. Kf3 {[%clk 0:00:08]} Ke7 {[%clk 0:00:04]} 45. Rc7+
{[%clk 0:00:09]} Kd6 {[%clk 0:00:05]} 46. Ra7 {[%clk 0:00:05]} h5
{[%clk 0:00:05]} 47. Ra6+ {[%clk 0:00:05]} Kd5 {[%clk 0:00:06]} 48. Ra7
{[%clk 0:00:05]} Rf5+ {[%clk 0:00:05]} 49. Kg2 {[%clk 0:00:06]} Rg5
{[%clk 0:00:06]} 50. Kf3 {[%clk 0:00:06]} Rf5+ {[%clk 0:00:07]} 51. Kg2
{[%clk 0:00:07]} Rg5 {[%clk 0:00:08]} 52. Kf3 {[%clk 0:00:09]} 1/2-1/2

[Event "Team Championship Russia (Blitz, Women)"]
[Site "Sochi"]
[Date "2018.10.10"]
[Round "9.2"]
[White "Girya, Olga"]
[Black "Maletina, Tatiana"]
[Result "1/2-1/2"]
[BlackElo "2339"]
[WhiteElo "2389"]
[LiveChessVersion "1.4.8"]

1. d4 {[%clk 0:03:03]} d5 {[%clk 0:03:03]} 2. c4 {[%clk 0:03:04]} c6
{[%clk 0:03:04]} 3. Nc3 {[%clk 0:03:04]} Nf6 {[%clk 0:03:05]} 4. e3
{[%clk 0:03:05]} Bf5 {[%clk 0:03:06]} 5. Nf3 {[%clk 0:02:58]} e6 {[%clk 0:03:06]}
6. Bd3 {[%clk 0:02:56]} Bxd3 {[%clk 0:03:04]} 7. Qxd3 {[%clk 0:02:57]} Nbd7
{[%clk 0:03:03]} 8. O-O {[%clk 0:02:57]} Bd6 {[%clk 0:02:53]} 9. b3
{[%clk 0:02:40]} O-O {[%clk 0:02:52]} 10. Bb2 {[%clk 0:02:41]} Qe7
{[%clk 0:02:48]} 11. Rad1 {[%clk 0:02:42]} Rad8 {[%clk 0:02:43]} 12. Qc2
{[%clk 0:02:40]} Bb8 {[%clk 0:02:36]} 13. e4 {[%clk 0:02:30]} dxc4
{[%clk 0:02:36]} 14. bxc4 {[%clk 0:02:31]} e5 {[%clk 0:02:37]} 15. d5
{[%clk 0:02:28]} Nc5 {[%clk 0:02:24]} 16. Rfe1 {[%clk 0:02:29]} Bd6
{[%clk 0:02:23]} 17. Rb1 {[%clk 0:02:22]} Nh5 {[%clk 0:02:14]} 18. g3
{[%clk 0:02:17]} Qd7 {[%clk 0:02:03]} 19. Na4 {[%clk 0:01:58]} f6
{[%clk 0:01:19]} 20. Bc1 {[%clk 0:01:31]} Qg4 {[%clk 0:01:07]} 21. Nh4
{[%clk 0:01:28]} g6 {[%clk 0:00:45]} 22. Nxc5 {[%clk 0:01:17]} Bxc5
{[%clk 0:00:46]} 23. Be3 {[%clk 0:01:14]} Bxe3 {[%clk 0:00:42]} 24. Rxe3
{[%clk 0:01:15]} Rd7 {[%clk 0:00:39]} 25. Qe2 {[%clk 0:01:09]} Qxe2
{[%clk 0:00:24]} 26. Rxe2 {[%clk 0:01:10]} cxd5 {[%clk 0:00:24]} 27. cxd5
{[%clk 0:01:10]} Rc8 {[%clk 0:00:25]} 28. Rb4 {[%clk 0:00:49]} Ng7
{[%clk 0:00:25]} 29. Nf3 {[%clk 0:00:42]} Ne8 {[%clk 0:00:26]} 30. Reb2
{[%clk 0:00:36]} Nd6 {[%clk 0:00:27]} 31. Nd2 {[%clk 0:00:34]} Rdc7
{[%clk 0:00:28]} 32. Ra4 {[%clk 0:00:30]} b6 {[%clk 0:00:22]} 33. Kf1
{[%clk 0:00:25]} Rc1+ {[%clk 0:00:21]} 34. Ke2 {[%clk 0:00:25]} R8c7
{[%clk 0:00:23]} 35. Rab4 {[%clk 0:00:20]} Kf7 {[%clk 0:00:21]} 36. f3
{[%clk 0:00:20]} Ke7 {[%clk 0:00:22]} 37. a4 {[%clk 0:00:16]} Rh1
{[%clk 0:00:21]} 38. Nf1 {[%clk 0:00:13]} Rc1 {[%clk 0:00:15]} 39. Ne3
{[%clk 0:00:14]} Rxh2+ 40. Kd3 Rxb2 {[%clk 0:00:11]} 41. Rxb2 {[%clk 0:00:16]} f5
{[%clk 0:00:11]} 42. Rh2 {[%clk 0:00:16]} fxe4+ {[%clk 0:00:11]} 43. fxe4
{[%clk 0:00:17]} h5 {[%clk 0:00:12]} 44. g4 {[%clk 0:00:18]} Ra1 {[%clk 0:00:08]}
45. gxh5 {[%clk 0:00:18]} gxh5 {[%clk 0:00:08]} 46. Rxh5 {[%clk 0:00:19]} Ra3+
{[%clk 0:00:08]} 47. Ke2 {[%clk 0:00:19]} Kd7 {[%clk 0:00:07]} 48. Rxe5
{[%clk 0:00:18]} Rxa4 {[%clk 0:00:08]} 49. Kf3 {[%clk 0:00:18]} Ra3
{[%clk 0:00:08]} 50. Kf4 {[%clk 0:00:16]} Rxe3 {[%clk 0:00:08]} 51. Kxe3
{[%clk 0:00:18]} Nc4+ {[%clk 0:00:10]} 52. Kd4 {[%clk 0:00:19]} Nxe5
{[%clk 0:00:10]} 53. Kxe5 {[%clk 0:00:21]} a5 {[%clk 0:00:11]} 54. Kd4
{[%clk 0:00:22]} a4 {[%clk 0:00:11]} 55. e5 {[%clk 0:00:22]} b5 {[%clk 0:00:11]}
56. Kc3 {[%clk 0:00:20]} Ke7 {[%clk 0:00:10]} 57. Kb4 {[%clk 0:00:21]} Kd7
{[%clk 0:00:12]} 58. Ka3 {[%clk 0:00:20]} Kc7 {[%clk 0:00:12]} 59. d6+
{[%clk 0:00:18]} Kd7 {[%clk 0:00:13]} 60. Kb4 {[%clk 0:00:20]} Ke6
{[%clk 0:00:13]} 61. Ka3 {[%clk 0:00:16]} Kd7 {[%clk 0:00:14]} 62. Kb4
{[%clk 0:00:17]} Ke6 {[%clk 0:00:16]} 63. Kxb5 {[%clk 0:00:14]} a3
{[%clk 0:00:16]} 64. Kc6 {[%clk 0:00:15]} a2 {[%clk 0:00:17]} 65. d7
{[%clk 0:00:17]} a1=Q {[%clk 0:00:18]} 66. d8=Q {[%clk 0:00:18]} Qxe5
{[%clk 0:00:17]} 67. Qe8+ {[%clk 0:00:17]} Kf5 {[%clk 0:00:18]} 68. Qxe5+
{[%clk 0:00:18]} Kxe5 {[%clk 0:00:20]} 69. Kd5+ 1/2-1/2